Songs By The Beach Boys - Statistics

General Stats
  • This quiz has been taken 24 times
  • The average score is 238 of 500
Answer Stats
Album Answer % Correct
Singles | Summer in Paradise | Surfin' Safari Surfin'
100%
Singles | Surfin' Safari Surfin' Safari
94%
Surfin' U.S.A. Surfin' U.S.A
94%
Singles Surfin' U.S.A.
94%
Holland | Singles California Saga/California
89%
Beach Boys' Party! Medley (I Get Around/Little Deuce Coupe)
89%
Singles | Surfer Girl Surfer Girl
89%
Pet Sounds | Singles God Only Knows
83%
Singles | Smiley Smile | The Smile Sessions Good Vibrations
83%
All Summer Long | Singles | Stars and Stripes Vol. 1 | Still Cruisin' I Get Around
83%
Singles | Still Cruisin' Kokomo
83%
Little Deuce Coupe | Singles | Stars and Stripes Vol. 1 | Surfer Girl Little Deuce Coupe
83%
Singles | Surf's Up | The Smile Sessions Surf's Up
83%
Pet Sounds | Singles | Still Cruisin' Wouldn't It Be Nice
83%
Singles | Still Cruisin' | Summer Days (And Summer Nights!!) California Girls
78%
Pet Sounds | Stars and Stripes Vol. 1 Caroline, No
78%
Singles Do You Wanna Dance?
78%
Singles | Stars and Stripes Vol. 1 | Summer Days (And Summer Nights!!) Help Me, Rhonda
78%
The Beach Boys Today! Help Me, Ronda
78%
Little Deuce Coupe | Singles | Surfin' U.S.A. Shut Down
78%
Singles | The Beach Boys Today! Dance, Dance, Dance
72%
The Beach Boys Today! Do You Wanna Dance?
72%
Friends | Singles Friends
72%
Singles | Smiley Smile | The Smile Sessions Heroes and Villains
72%
Pet Sounds Pet Sounds
72%
Pet Sounds | Singles | Stars and Stripes Vol. 1 Sloop John B
72%
Surf's Up A Day in the Life of a Tree
67%
20/20 Cabinessence
67%
Singles | The Smile Sessions Cabin Essence
67%
Singles | Sunflower Cool, Cool Water
67%
Singles | Surf's Up Don't Go Near the Water
67%
Shut Down Volume 2 | Singles | Stars and Stripes Vol. 1 Don't Worry Baby
67%
Singles | Summer in Paradise | Sunflower Forever
67%
Shut Down Volume 2 | Singles | Stars and Stripes Vol. 1 Fun, Fun, Fun
67%
Singles | Surfer Girl In My Room
67%
Singles | The Beach Boys' Christmas Album Little Saint Nick
67%
15 Big Ones | Singles Rock and Roll Music
67%
Holland | Singles Sail On, Sailor
67%
Singles | Surf's Up Student Demonstration Time
67%
Singles | The Smile Sessions Vega-Tables
67%
Smiley Smile Vegetables
67%
Singles | Wild Honey Wild Honey
67%
Singles | Smiley Smile | The Smile Sessions Wind Chimes
67%
Little Deuce Coupe | Singles | Stars and Stripes Vol. 1 | Surfin' Safari 409
61%
The Beach Boys Love You Airplane
61%
All Summer Long All Summer Long
61%
Beach Boys' Party! | Singles Barbara Ann
61%
Little Deuce Coupe | Singles Be True To Your School
61%
Stars and Stripes Vol. 1 Be True to Your School
61%
Holland California Saga/Big Sur
61%
Shut Down Volume 2 Denny's Drums
61%
Surf's Up Disney Girls (1957)
61%
20/20 | Singles Do It Again
61%
The Smile Sessions Gee
61%
Pet Sounds | Singles Here Today
61%
Pet Sounds I Just Wasn't Made for These Times
61%
Keepin' the Summer Alive | Singles Keepin' the Summer Alive
61%
Pet Sounds | Singles Let's Go Away for Awhile
61%
Friends | Singles Little Bird
61%
Singles | Surf's Up Long Promised Road
61%
Carl and the Passions - "So Tough" | Singles Marcella
61%
Surfin' Safari Moon Dawg
61%
20/20 | The Smile Sessions Our Prayer
61%
The Beach Boys Love You Roller Skating Child
61%
Singles | The Beach Boys Love You Solar System
61%
Singles | Sunflower Tears in the Morning
61%
Singles | Surfin' Safari Ten Little Indians
61%
Singles | Surf's Up 'Til I Die
61%
Friends Transcendental Meditation
61%
Smiley Smile | The Smile Sessions Wonderful
61%
Singles | Sunflower Add Some Music to Your Day
56%
Sunflower At My Window
56%
The Smile Sessions Barnyard
56%
The Beach Boys Today! Bull Session with 'Big Daddy'
56%
Friends Busy Doin' Nothin'
56%
Holland California Saga/The Beaks of Eagles
56%
Surfer Girl Catch A Wave
56%
Singles | Wild Honey Darlin'
56%
Friends Diamond Head
56%
The Beach Boys Love You Ding Dang
56%
The Beach Boys Today! Don't Hurt My Little Sister
56%
Pet Sounds Don't Talk (Put Your Head on My Shoulder)
56%
Smiley Smile Fall Breaks and Back to Winter
56%
Surf's Up Feel Flows
56%
Holland | Singles Funky Pretty
56%
Smiley Smile Gettin' Hungry
56%
L.A. (Light Album) | Singles | Wild Honey Here Comes the Night
56%
M.I.U. Album | Singles Hey Little Tomboy
56%
Wild Honey I'd Love Just Once to See You
56%
Pet Sounds I Know There's an Answer
56%
Pet Sounds I'm Waiting for the Day
56%
The Beach Boys Love You Johnny Carson
56%
Smiley Smile Little Pad
56%
Surf's Up Lookin' at Tomorrow (A Welfare Song)
56%
Friends Meant for You
56%
Surfin' U.S.A. Misirlou
56%
20/20 | Singles Never Learn Not to Love
56%
Singles | The Beach Boys Today! Please Let Me Wonder
56%
Holland Steamboat
56%
Pet Sounds That's Not Me
56%
Singles | That's Why God Made the Radio That's Why God Made the Radio
56%
The Smile Sessions The Elements: Fire (Mrs. O'Leary's Cow)
56%
Surfin' Safari The Shift
56%
Holland The Trader
56%
Shut Down Volume 2 | Singles | Stars and Stripes Vol. 1 The Warmth of the Sun
56%
All Summer Long Wendy
56%
Singles | The Beach Boys Today! When I Grow Up (To Be a Man)
56%
Smiley Smile Whistle In
56%
Pet Sounds You Still Believe in Me
56%
Sunflower All I Wanna Do
50%
Summer Days (And Summer Nights!!) Amusement Parks U.S.A.
50%
Friends Anna Lee, the Healer
50%
Friends Be Here in the Mornin'
50%
All Summer Long Carl's Big Chance
50%
Singles | Surfin' Safari County Fair
50%
Surfin' Safari Cuckoo Clock
50%
Carl and the Passions - "So Tough" | Singles Cuddle Up
50%
Singles | Sunflower Deirdre
50%
The Smile Sessions Do You Like Worms (Roll Plymouth Rock)
50%
Surfin' U.S.A. Farmer's Daughter
50%
The Beach Boys' Christmas Album Frosty the Snowman
50%
The Beach Boys Today! Good to My Baby
50%
Surfin' Safari Heads You Win--Tails I Lose
50%
All Summer Long Hushabye
50%
20/20 | Singles | Stars and Stripes Vol. 1 I Can Hear Music
50%
Summer Days (And Summer Nights!!) I'm Bugged at My Ol' Man
50%
The Beach Boys Today! I'm So Young
50%
Singles | Sunflower It's About Time
50%
15 Big Ones | Singles It's O.K.
50%
The Beach Boys Love You I Wanna Pick You Up
50%
Singles | The Beach Boys Today! Kiss Me, Baby
50%
Singles | Summer Days (And Summer Nights!!) Let Him Run Wild
50%
The Beach Boys Love You Let Us Go On This Way
50%
Wild Honey Mama Says
50%
The Beach Boys Love You Mona
50%
Friends Passing By
50%
Smiley Smile She's Goin' Bald
50%
M.I.U. Album She's Got Rhythm
50%
L.A. (Light Album) Shortenin' Bread
50%
Singles | Sunflower Slip On Through
50%
Still Cruisin' Still Cruisin'
50%
Singles Still' Cruisin'
50%
Surf's Up Take a Load Off Your Feet
50%
Summer Days (And Summer Nights!!) The Girl from New York City
50%
Singles | The Beach Boys' Christmas Album The Man with All the Toys
50%
20/20 | Singles The Nearest Faraway Place
50%
Surfer Girl The Surfer Moon
50%
Singles | Sunflower This Whole World
50%
Friends | Singles Wake the World
50%
Friends When a Man Needs a Woman
50%
Carl and the Passions - "So Tough" | Singles You Need a Mess of Help to Stand Alone
50%
Surfer Girl Your Summer Dream
50%
20/20 | Singles All I Want to Do
44%
Wild Honey Aren't You Glad
44%
The Beach Boys' Christmas Album Auld Lang Syne
44%
Little Deuce Coupe Ballad of Ole' Betsy
44%
Friends Be Still
44%
20/20 | Singles Bluebirds over the Mountain
44%
Surfer Girl Boogie Woodie
44%
Little Deuce Coupe Car Crazy Cutie
44%
Shut Down Volume 2 Cassius' Love vs. Sonny Wilson
44%
Surfin' Safari Chug-A-Lug
44%
20/20 Cotton Fields
44%
Singles Cottonfields
44%
Wild Honey Country Air
44%
All Summer Long Don't Back Down
44%
Singles | The Beach Boys Getcha Back
44%
The Beach Boys Love You Good Time
44%
L.A. (Light Album) | Singles Good Timin'
44%
Singles | Surfer Girl Hawaii
44%
Carl and the Passions - "So Tough" He Come Down
44%
Carl and the Passions - "So Tough" Here She Comes
44%
Carl and the Passions - "So Tough" | Singles Hold On Dear Brother
44%
Singles | The Beach Boys Love You Honkin' Down the Highway
44%
The Beach Boys Today! In the Back of My Mind
44%
Shut Down Volume 2 Keep an Eye on Summer
44%
L.A. (Light Album) | Singles Lady Lynda
44%
Holland Leaving This Town
44%
The Beach Boys Love You Let's Put Our Hearts Together
44%
Wild Honey Let the Wind Blow
44%
Singles | Surfin' Safari Little Girl (You're My Miss America)
44%
All Summer Long | Singles Little Honda
44%
Shut Down Volume 2 Louie, Louie
44%
The Beach Boys Love You Love Is a Woman
44%
Holland Only with You
44%
Singles Only With You
44%
Sunflower Our Sweet Love
44%
Singles | The Beach Boys Today! She Knows Me Too Well
44%
Singles | Summer in Paradise Summer in Paradise
44%
Surfer Girl Surfer's Rule
44%
Singles | Summer Days (And Summer Nights!!) Then I Kissed Her
44%
That's Why God Made the Radio The Private Life of Bill and Sue
44%
Beach Boys' Party! The Times They Are a-Changin'
44%
Singles The Times They Are A Changin' (Live at Big Sur)
44%
20/20 Time to Get Alone
44%
15 Big Ones | Singles T M Song
44%
Smiley Smile With Me Tonight
44%
Singles | Summer Days (And Summer Nights!!) You're So Good to Me
44%
Carl and the Passions - "So Tough" All This Is That
39%
Singles Breakaway
39%
The Smile Sessions Child Is Father of the Man
39%
M.I.U. Album | Singles Come Go with Me
39%
All Summer Long Drive-In
39%
Keepin' the Summer Alive | Singles Endless Harmony
39%
Surfin' U.S.A. Finders Keepers
39%
All Summer Long Girls on the Beach
39%
The Smile Sessions Holidays
39%
Surfin' U.S.A. Honky Tonk
39%
Singles | Wild Honey How She Boogalooed It
39%
Beach Boys' Party! Hully Gully
39%
The Beach Boys Love You I'll Bet He's Nice
39%
The Smile Sessions I'm in Great Shape
39%
Shut Down Volume 2 In the Parkin' Lot
39%
20/20 I Went to Sleep
39%
15 Big Ones Just Once in My Life
39%
Surfin' U.S.A. Lonely Sea
39%
The Smile Sessions Look (Song for Children)
39%
Carl and the Passions - "So Tough" Make It Good
39%
M.I.U. Album Match Point of Our Love
39%
M.I.U. Album My Diane
39%
The Smile Sessions My Only Sunshine (The Old Master Painter / You Are My Sunshine)
39%
Little Deuce Coupe | Surfer Girl Our Car Club
39%
All Summer Long Our Favorite Recording Sessions
39%
M.I.U. Album | Singles Peggy Sue
39%
Summer Days (And Summer Nights!!) Salt Lake City
39%
Shut Down Volume 2 Shut Down, Part II
39%
Little Deuce Coupe Spirit of America
39%
Surfin' U.S.A. Stoked
39%
L.A. (Light Album) | Singles Sumahama
39%
Summer Days (And Summer Nights!!) Summer Means New Love
39%
Singles | Surfin' Safari Summertime Blues
39%
15 Big Ones | Singles Susie Cincinnati
39%
The Beach Boys Love You The Night Was So Young
39%
Surfer Girl The Rocking Surfer
39%
All Summer Long We'll Run Away
39%
Wild Honey A Thing or Two
33%
Little Deuce Coupe A Young Man Is Gone
33%
L.A. (Light Album) | Singles Baby Blue
33%
15 Big Ones Blueberry Hill
33%
Singles | The Beach Boys' Christmas Album Blue Christmas
33%
The Beach Boys California Calling
33%
Singles California Dreamin'
33%
15 Big Ones Chapel of Love
33%
Little Deuce Coupe Cherry, Cherry Coupe
33%
Little Deuce Coupe Custom Machine
33%
All Summer Long Do You Remember?
33%
15 Big Ones Everyone's in Love with You
33%
Singles Everyone's in Love With You
33%
L.A. (Light Album) | Singles Full Sail
33%
Singles | Summer Days (And Summer Nights!!) Girl Don't Tell Me
33%
Keepin' the Summer Alive | Singles Goin' On
33%
Sunflower Got to Know the Woman
33%
Singles | Summer in Paradise Hot Fun in the Summertime
33%
Beach Boys' Party! I Should Have Known Better
33%
The Smile Sessions I Wanna Be Around / Workshop
33%
Singles | Wild Honey I Was Made to Love Her
33%
Summer in Paradise Lahaina Aloha
33%
Surfin' U.S.A. Let's Go Trippin'
33%
The Smile Sessions Love to Say Dada
33%
Still Cruisin' Make It Big
33%
Singles Male Ego
33%
The Beach Boys' Christmas Album Merry Christmas, Baby
33%
Beach Boys' Party! | Singles Mountain of Love
33%
Shut Down Volume 2 Pom, Pom Play Girl
33%
Keepin' the Summer Alive | Singles Santa Ana Winds
33%
Keepin' the Summer Alive School Day (Ring! Ring! Goes the Bell)
33%
Surfer Girl South Bay Surfer
33%
That's Why God Made the Radio Summer's Gone
33%
Surfin' U.S.A. Surf Jam
33%
Beach Boys' Party! Tell Me Why
33%
Singles The Little Girl I Once Knew
33%
Beach Boys' Party! | Singles There's No Other (Like My Baby)
33%
The Beach Boys' Christmas Album We Three Kings of Orient Are
33%
Keepin' the Summer Alive | Singles When Girls Get Together
33%
M.I.U. Album Winds of Change
33%
Singles You're Welcome
33%
Beach Boys' Party! You've Got to Hide Your Love Away
33%
Beach Boys' Party! Alley Oop
28%
Summer Days (And Summer Nights!!) And Your Dreams Come True
28%
L.A. (Light Album) Angel Come Home
28%
M.I.U. Album Belles of Paris
28%
20/20 Be With Me
28%
Beach Boys' Party! Devoted to You
28%
L.A. (Light Album) Goin' South
28%
15 Big Ones | Singles Had to Phone Ya
28%
The Beach Boys I Do Love You
28%
Still Cruisin' In My Car
28%
15 Big Ones In the Still of the Night
28%
The Beach Boys It's Just a Matter of Time
28%
Singles It's Just a Matter of TIme
28%
M.I.U. Album Kona Coast
28%
Surfin' U.S.A. Lana
28%
L.A. (Light Album) | Singles Love Surrounds Me
28%
Singles Luau
28%
Surfin' U.S.A. Noble Surfer
28%
Little Deuce Coupe No-Go Showboat
28%
Keepin' the Summer Alive Oh Darlin'
28%
That's Why God Made the Radio Pacific Coast Highway
28%
15 Big Ones Palisades Park
28%
Beach Boys' Party! | Singles Papa-Oom-Mow-Mow
28%
Singles | The Beach Boys Passing Friend
28%
M.I.U. Album Pitter Patter
28%
Singles | Still Cruisin' Somewhere Near Japan
28%
Summer in Paradise Still Surfin'
28%
Singles | Summer in Paradise Summer of Love
28%
Keepin' the Summer Alive Sunshine
28%
15 Big Ones That Same Song
28%
Shut Down Volume 2 This Car of Mine
28%
Singles | Summer in Paradise Under the Boardwalk
28%
The Beach Boys' Christmas Album White Christmas
28%
Shut Down Volume 2 | Singles Why Do Fools Fall in Love
28%
Still Cruisin' Wipe Out
28%
Singles Wipeout!
28%
15 Big Ones A Casual Look
22%
The Beach Boys Crack at Your Love
22%
That's Why God Made the Radio Daybreak Over the Ocean
22%
The Beach Boys' Christmas Album I'll Be Home for Christmas
22%
Still Cruisin' Island Girl (I'm Gonna Make Her Mine)
22%
Keepin' the Summer Alive Livin' with a Heartache
22%
Singles Livin' With a Heartache
22%
Stars and Stripes Vol. 1 Long, Tall Texan
22%
Singles Long Tall Texan
22%
Summer in Paradise Remember (Walking in the Sand)
22%
The Beach Boys' Christmas Album Santa's Beard
22%
Singles | The Beach Boys She Believes in Love Again
22%
Keepin' the Summer Alive Some of Your Love
22%
That's Why God Made the Radio Strange World
22%
M.I.U. Album Sweet Sunday Kinda Love
22%
15 Big Ones Talk to Me
22%
Singles The Lord's Prayer
22%
15 Big Ones Back Home
17%
Singles Celebrate the News
17%
Singles Child of Winter
17%
Singles East Meets West
17%
That's Why God Made the Radio From There to Back Again
17%
The Beach Boys I'm So Lonely
17%
Summer in Paradise Island Fever
17%
Singles | That's Why God Made the Radio Isn't It Time
17%
Singles | The Beach Boys It's Gettin' Late
17%
The Beach Boys Maybe I Don't Know
17%
Singles Problem Child
17%
Singles Rock 'n' Roll to the Rescue
17%
That's Why God Made the Radio Shelter
17%
Summer in Paradise Strange Things Happen
17%
That's Why God Made the Radio Think About the Days
17%
M.I.U. Album Wontcha Come Out Tonight
17%
That's Why God Made the Radio Beaches in Mind
11%
The Beach Boys' Christmas Album Christmas Day
11%
Singles Happy Endings
11%
Singles It's a Beautiful Day
11%
The Beach Boys' Christmas Album Santa Claus is Comin' to Town
11%
That's Why God Made the Radio Spring Vacation
11%
Singles The Beach Boys Medley
11%
Singles The Little Old Lady From Pasadena
11%
The Beach Boys Where I Belong
11%
Singles Crocodile Rock
6%
Singles Lady Liberty
6%
Singles Monster Mash
6%
Summer in Paradise Slow Summer Dancin' (One Summer Night)
6%
Singles Don't Fight the Sea
0%
No matching quizzes found
Score Distribution
Percent of People with Each Score
Percentile by Number Answered
Your Score History
You have not taken this quiz